Estudios sobre política /
Guardado en:
| Autor Principal: | |
|---|---|
| Formato: | Libro |
| Idioma: | Spanish |
| Publicado: |
Bahía Blanca :
Ediuns,
2001.
|
| Edición: | 1a. ed. |
| Series: | Serie Docencia
|
| Materias: | |
| Etiquetas: |
Agregar Etiqueta
Sin Etiquetas, Sea el primero en etiquetar este registro!
|
| LEADER | 00521nam a22001695a 4500 | ||
|---|---|---|---|
| 001 | DER.der015143 | ||
| 008 | 250220s2006####ag#||||||||||||||#||spa|| | ||
| 005 | 20251230162000.0 | ||
| 245 | 1 | 0 | |a Estudios sobre política / |c Néstor Luis Montezanti y cátedra de Derecho Político. |
| 250 | |a 1a. ed. | ||
| 260 | |a Bahía Blanca : |b Ediuns, |c 2001. | ||
| 300 | |a 179 p. | ||
| 490 | 1 | |a Serie Docencia | |
| 020 | |a 9879281659 | ||
| 100 | 1 | |a Montezanti, Néstor Luis | |
| 650 | 7 | |a CIENCIA POLITICA | |
| 859 | |a DERECHO |b BIB. DERECHO |h 320.07 |i MON |p 007596 | ||
